MARC
LEADER
00000nam2a2200000 4500
001
582789
005
20231101130932.0
035
|a (RuTPU)RU\TPU\prd\283574
035
|a RU\TPU\prd\283191
090
|a 582789
100
|a 20190404a20169999k y0rusy50 ca
101
0
|a rus
102
|a RU
181
0
|a i
182
0
|a b
200
0
|a Т. 13, вып. 1
|b Электронный ресурс
203
|a Текст
|c электронный
210
|d 2019
461
1
|0 (RuTPU)RU\TPU\prd\280914
|x 2310-9912
|t Информатика и ее применения
|o научный журнал
|f Российская академия наук (РАН)
|v Т. 13, вып. 1
|n [Б. и.]
|d 2016-
801
0
|a RU
|b 63413507
|c 20010227
|g PSBO
801
1
|a RU
|b 63413507
|c 20170410
801
2
|a RU
|b 63413507
|c 20221227
|g RCR
856
4
0
|u http://www.ipiran.ru/journal/issues/2019_13_01/
856
4
0
|u https://elibrary.ru/contents.asp?id=37170975
942
|c BK